Social movements for global democracy /
Se describe la democracia global, una visión que enfatiza la interdependencia, solidaridad entre las naciones y el respeto de los derechos humanos, como alternativa a la globalización neoliberal, que promueve la competencia y el libre mercado. Estas dos visiones rivalizan por medio de redes transnac...
Збережено в:
| Автор: | |
|---|---|
| Формат: | Невідомо |
| Мова: | English |
| Опубліковано: |
Maryland :
The Johns Hopkings University Press,
|
| Предмети: | |
| Теги: |
Додати тег
Немає тегів, Будьте першим, хто поставить тег для цього запису!
|
MARC
| LEADER | 00000 a2200000 04500 | ||
|---|---|---|---|
| 001 | 40152 | ||
| 003 | cru CIDCACS/IIS | ||
| 005 | 20171109115643.0 | ||
| 008 | 050630s2008 mdu eng d | ||
| 999 | |c 6242 |d 6242 | ||
| 020 | |a 0-8018-8744-5 | ||
| 040 | |c CIDCACS/IIS | ||
| 090 | |a 05.03.04 S651s | ||
| 100 | |a Smith, Jackie | ||
| 245 | |a Social movements for global democracy / |c Jackie Smith | ||
| 260 | |a Maryland : |b The Johns Hopkings University Press, | ||
| 300 | |a 286 páginas | ||
| 500 | |a Colección Cambio Social donada por Paul Almeida | ||
| 520 | |a Se describe la democracia global, una visión que enfatiza la interdependencia, solidaridad entre las naciones y el respeto de los derechos humanos, como alternativa a la globalización neoliberal, que promueve la competencia y el libre mercado. Estas dos visiones rivalizan por medio de redes transnacionales, y se describen los campos políticos en los cuales se enfrentan (como los Foros Sociales Mundiales del 2001 y 2005) y las estrategias utilizadas por la primera para obtener legitimidad en las instituciones globales. Finalmente, se plantean sugerencias para fortalecer el movimiento de la democracia global, tales como el convertir a las instituciones mundiales en contrapesos de las naciones poderosas, incrementar el papel del Estado como proveedor del bienestar social, reivindicar la inversión de los gobiernos en derechos humanos y bienestar social, y obtener recursos para la capacitación de los activistas democráticos. | ||
| 590 | |a DISEMINAR072010 |a DISEMINAR072010/EFU/SETIEMBRE2010 | ||
| 650 | |a GLOBALIZACION | ||
| 650 | |a DEMOCRATIZACION | ||
| 650 | |a NEOLIBERALISMO | ||
| 650 | |a DERECHOS CIVILES | ||
| 650 | |a ORGANIZACIONES INTERNACIONALES | ||
| 650 | |a MOVIMIENTOS SOCIALES | ||
| 942 | |2 ddc |c LI | ||



